Biblioteca

Historia del cristianismo evangélico en Colombia (Registro nro. 38718)

Detalles MARC
000 -LÍDER
Campo fijo de descripción fija 01361aam a2200301 i 4500
001 - NÚMERO DE CONTROL
Campo de control 768714001
003 - IDENTIFICADOR DEL NÚMERO DE CONTROL
Campo de control CO-MdFUSB
005 - FECHA Y HORA DE LA ULTIMA TRANSACCIÓN
control field 20241002062720.0
007 - CAMPO FIJO DE DESCRIPCIÓN FIJA--INFORMACIÓN GENERAL
Campo fijo de descripción fija ta
008 - ELEMENTOS DE LONGITUD FIJA -- INFORMACIÓN GENERAL
Campo fijo de descripción fija -- Información general 211217t1956 ck ac || |||| 00| 0 spa d
020 ## - NÚMERO INTERNACIONAL NORMALIZADO PARA LIBROS
Número Internacional Normalizado del libro [No incluye ISBN]
040 ## - FUENTE DE CATALOGACIÓN
Idioma de catalogación spa.
Agencia de catalogación original CO-MdFUSB
Agencia que realiza la transcripción CO-MdFUSB
Agencia que realiza la modificación CO-MdFUSBC
Convenciones de la descripción rda
041 ## - CÓDIGO DE IDIOMA
Código de idioma para texto/pista de sonido o título separado spa
082 04 - NÚMERO DE CLASIFICACIÓN DECIMAL DEWEY
Número de clasificación 278.2086
Número de la edición del Dewey 23
Clave de autor-Numero de item O656h
100 1# - ASIENTO PRINCIPAL--NOMBRE PERSONAL
Nombre personal Ordóñez, Francisco
Término relacionador autor
245 10 - TÍTULO
Título del Material Historia del cristianismo evangélico en Colombia
Mención de responsabilidad, etc. / Francisco Ordóñez
264 #1 - PRODUCCIÓN, PUBLICACIÓN, DISTRIBUCIÓN, MANUFACTURA, Y COPYRIGHT
Lugar de producción, publicación, distribución, manufactura Cali, Colombia :
Nombre del productor, publicador, distribuidor Confederación Evangélica de Colombia,
Fecha de producción, publicación, distribución, manufactura, o copyright [1956]
264 #4 - PRODUCCIÓN, PUBLICACIÓN, DISTRIBUCIÓN, MANUFACTURA, Y COPYRIGHT
Fecha de producción, publicación, distribución, manufactura, o copyright © 1956
300 ## - DESCRIPCIÓN FÍSICA
Extensión 379 Pag
Dimensiones ; 23 cm
336 ## - TIPO DE CONTENIDO
Término de tipo de contenido texto
Código de tipo de contenido txt
Fuente rdacontent
337 ## - TIPO DE MEDIO
Fuente rdamedia
Nombre del tipo de medio sin mediación
Código del tipo de medio n
338 ## - TIPO DE SOPORTE
Fuente rdacarrier
Nombre del tipo de soporte volumen
Código Tipo de soporte nc
505 ## - NOTA DE CONTENIDO
Nota de contenido con formato preestablecido Nuestra presencia histórica. -- Un principio desconcertante. -- Un ex-fraile predica el evangelio en Cartagena. -- La obra en Cartagena y otros lugares de Bolívar. -- La obra en el Tolima y la región Suroeste de Cundinamarca. -- Las Asambleas de Dios. -- Los Hermanos Unidos. -- Misión Bautista del Sur. -- Misión Menonita de Colombia. -- Misión Interamericana. -- Misión Bautista del Sur. -- Las Sociedades Bíblicas. -- Consideraciones generales.
563 ## - NOTA DE ENCUADERNACIÓN
Nota de encuadernación Rústico
650 #7 - ASIENTO SECUNDARIO DE MATERIA - TERMINO TEMÁTICO
Término temático o nombre geográfico como elemento de entrada Cristianismo
Subdivisión general Historia
Subdivisión cronológica 0030-0600 (Iglesia primitiva)
Fuente del encabezamiento o término
9 (RLIN) 217
942 ## - TIPO DE MATERIAL (KOHA)
Tipo de Item KOHA Libros General
945 ## - INFORMACIÓN LOCAL DEL REGISTRO
Catalogador JTF-925
Existencias
Estado de Material Estado de Perdido Forma de Clasificación Estado de Dañado No para Préstamo Colección Tomo Biblioteca de Origen Biblioteca Permanente Fecha de Adquisición Total de Préstamos Signatura Topográfica Código de Barras Última vez visto Ejemplar/Existencia Fecha de Remplazo Tipo de Material
    Dewey Decimal Classification     Colección General   Biblioteca FUSBC Biblioteca FUSBC 14/01/2005   G 278.2086 O656h 23292 16/07/2025 Ej. 1 26/01/2016 Libros Patrimoniales

Biblioteca FUSBC | Teléfono: (57+4) 349 88 10 Ext. 141| WhatsApp (+57) 3005338115 
E-mail: biblioteca@unisbc.edu.co | Calle 76 87-14 Robledo Palenque, Medellín, Colombia

Con tecnología Koha